| 000 | 01155nam a2200301 a 4500 | ||
|---|---|---|---|
| 001 | 000016751 | ||
| 005 | 20250924073801.0 | ||
| 008 | 100310s2002 dr a 000 0 spa d | ||
| 020 | _a9993477273 | ||
| 040 | _aDO-SdBNP | ||
| 082 |
_a378.007 _bM826i |
||
| 100 | 1 |
_aMoquete de la Rosa, Jacobo _91678 |
|
| 245 | 1 | 3 |
_aLa investigación académica : _bteoría y aplicaciones / _cJacobo Moquete de la Rosa. |
| 260 |
_aSanto Domingo : _bUASD, _c2002. |
||
| 300 |
_a180 P. : _bil. ; _c29 cm. |
||
| 490 | 1 |
_aPublicaciones de la Universidad Autónoma de Santo Domingo _vvol. 1088 |
|
| 490 | 1 |
_aEducación y Sociedad _vno. 51 |
|
| 500 | _aIncluye índice de materias | ||
| 500 | _aIncluye datos biográficos del autor en la contraportada | ||
| 500 | _aIncluye notas al pie de las páginas | ||
| 650 | 4 |
_aEducación _xInvestigación _937125 |
|
| 650 | 4 |
_aProyectos de desarrollo _937126 |
|
| 650 | 4 |
_aInvestigaciones _xMetodología _937127 |
|
| 650 |
_aInvestigación científica _xMetodología _910 |
||
| 830 |
_aPublicaciones de la Universidad Autónoma de Santo Domingo _vvol. 1088 _952 |
||
| 830 | 0 |
_aEducación y Sociedad _nno. 51 _937128 |
|
| 049 | _aBNPD | ||
| 999 |
_c16283 _d16283 |
||